Almost periodic functions /
Guardado en:
| Autor Principal: | |
|---|---|
| Formato: | Libro |
| Idioma: | English German |
| Publicado: |
New York :
Chelsea,
1951.
|
| Etiquetas: |
Agregar Etiqueta
Sin Etiquetas, Sea el primero en etiquetar este registro!
|
| LEADER | 00634nam a22001695a 4500 | ||
|---|---|---|---|
| 001 | MAT.inmabb000758 | ||
| 008 | 031119s1951####nyu###########001#0#eng#d | ||
| 005 | 20170804153023.0 | ||
| 245 | 1 | 0 | |a Almost periodic functions / |c by Harald Bohr ; text translated by Harvey Cohn ; appendices translated by F. Steinhardt. |
| 260 | |a New York : |b Chelsea, |c 1951. | ||
| 300 | |a 113 p. ; |c cm. | ||
| 500 | |a "Translation [...] of Ergebnisse der Mathematik, vol. 1, no. 5, Springer, Berlin, 1932." --Math. Reviews. | ||
| 510 | 4 | |a MR, |c MR0020163 | |
| 100 | 1 | |a Bohr, Harald. | |
| 084 | |a 42-XX |2 msc2000 | ||
| 041 | 1 | |a eng |h ger | |
| 859 | |h 42 |i B677 |p A-561 |b BIB. MATEMATICA | ||
